[Event "Villa Martelli Pro Am op 17th"]
[Site "Villa Martelli"]
[Date "2010.10.13"]
[Round "2"]
[White "Delgado Ramirez, Neuris"]
[Black "Gimenez, Santiago"]
[Result "1-0"]
[WhiteElo "2606"]
[BlackElo "2249"]
[PlyCount "69"]
[EventDate "2010.10.10"]
[EventType "swiss"]
[EventRounds "9"]
[EventCountry "ARG"]
[SourceTitle "CBM 138 Extra"]
[Source "ChessBase"]
[SourceDate "2010.10.29"]
[SourceVersion "1"]
[SourceVersionDate "2010.10.29"]
[SourceQuality "1"]

1. e4 c5 2. Nf3 d6 3. c3 Nf6 4. Be2 Bd7 5. d3 Nc6 6. O-O g6 7. h3 Bg7 8. Nbd2
O-O 9. Re1 e5 10. Nc4 Qc7 11. Bg5 h6 12. Bh4 Be6 13. Ne3 Nh5 14. Nd2 Nf4 15.
Bf1 Ne7 16. Bg3 d5 17. c4 dxc4 18. dxc4 Nc6 19. Nd5 Qd6 20. Nf3 Nd4 21. Rc1 b6
22. Nxe5 Bxe5 23. Nxf4 Bc8 24. Rc3 Bxf4 25. e5 Bxe5 26. Bxe5 Qc6 27. Bxd4 cxd4
28. Qxd4 Bf5 29. Rce3 Rad8 30. Qf4 Kg7 31. Re7 Rd7 32. g4 Qf6 33. Re8 Rxe8 34.
Rxe8 Rd4 35. Qf3 1-0

[Event "Villa Martelli Pro Am op 17th"]
[Site "Villa Martelli"]
[Date "2010.10.14"]
[Round "3"]
[White "Mela, Benjamin"]
[Black "Delgado Ramirez, Neuris"]
[Result "0-1"]
[WhiteElo "2335"]
[BlackElo "2606"]
[PlyCount "45"]
[EventDate "2010.10.10"]
[EventType "swiss"]
[EventRounds "9"]
[EventCountry "ARG"]
[SourceTitle "CBM 138 Extra"]
[Source "ChessBase"]
[SourceDate "2010.10.29"]
[SourceVersion "1"]
[SourceVersionDate "2010.10.29"]
[SourceQuality "1"]

1. e4 c5 2. Nf3 d6 3. d4 cxd4 4. Nxd4 Nf6 5. Nc3 Nc6 6. Bc4 e6 7. O-O a6 8.
Nxc6 bxc6 9. Kh1 d5 10. Bd3 Be7 11. f4 c5 12. e5 Nd7 13. b3 Bb7 14. Qe2 Qc7 15.
Na4 Bc6 16. c4 d4 17. Bd2 O-O 18. Rae1 g6 19. Kg1 Rab8 20. Nb2 Rbe8 21. f5 exf5
22. Rxf5 Bh4 23. Ref1 0-1

[Event "Villa Martelli Pro Am op 17th"]
[Site "Villa Martelli"]
[Date "2010.10.15"]
[Round "4"]
[White "Delgado Ramirez, Neuris"]
[Black "Scarella, Enrique Alejandro"]
[Result "1-0"]
[WhiteElo "2606"]
[BlackElo "2380"]
[PlyCount "91"]
[EventDate "2010.10.10"]
[EventType "swiss"]
[EventRounds "9"]
[EventCountry "ARG"]
[SourceTitle "CBM 138 Extra"]
[Source "ChessBase"]
[SourceDate "2010.10.29"]
[SourceVersion "1"]
[SourceVersionDate "2010.10.29"]
[SourceQuality "1"]

1. e4 c5 2. Nf3 g6 3. d4 cxd4 4. Nxd4 Nc6 5. Nc3 Bg7 6. Be3 Nf6 7. Bc4 O-O 8.
Bb3 d6 9. h3 Bd7 10. O-O Nxd4 11. Bxd4 Bc6 12. Qd3 Qa5 13. Rae1 Rad8 14. Nd5
Bxd5 15. exd5 Rfe8 16. Bc3 Qc5 17. Bd4 Qa5 18. Re2 Nxd5 19. Bxg7 Nf4 20. Bc3
Qh5 21. g4 Qh6 22. Bd2 Nxe2+ 23. Qxe2 Qxh3 24. Bd5 Rc8 25. c4 b6 26. Rc1 Qh4
27. Kg2 e6 28. Bf3 Rc5 29. Rh1 Qe7 30. Be3 Re5 31. Qd2 Rc8 32. b3 b5 33. Bf4
bxc4 34. Bxe5 dxe5 35. Qc3 Rc5 36. b4 Rb5 37. a3 e4 38. Bxe4 Rg5 39. Bf3 f5 40.
Qxc4 fxg4 41. Be4 h5 42. Qc8+ Kh7 43. Rd1 Qf6 44. Qd8 Qxd8 45. Rxd8 a5 46. Bc6
1-0

[Event "Villa Martelli Pro Am op 17th"]
[Site "Villa Martelli"]
[Date "2010.10.19"]
[Round "6"]
[White "De Dovitiis, Alejo"]
[Black "Delgado Ramirez, Neuris"]
[Result "0-1"]
[WhiteElo "2366"]
[BlackElo "2606"]
[PlyCount "98"]
[EventDate "2010.10.10"]
[EventType "swiss"]
[EventRounds "9"]
[EventCountry "ARG"]
[SourceTitle "CBM 138 Extra"]
[Source "ChessBase"]
[SourceDate "2010.10.29"]
[SourceVersion "1"]
[SourceVersionDate "2010.10.29"]
[SourceQuality "1"]

1. e4 c5 2. c3 Nf6 3. e5 Nd5 4. Nf3 d6 5. exd6 Qxd6 6. d4 cxd4 7. cxd4 Nc6 8.
Nc3 g6 9. Be2 Bg7 10. O-O O-O 11. Bg5 Be6 12. Qd2 Rfd8 13. Rfd1 Rac8 14. Ne4
Qb8 15. Bh6 Bg4 16. Bxg7 Kxg7 17. h3 Bxf3 18. Bxf3 Ndb4 19. a3 Rxd4 20. Qc3 Nd5
21. Qb3 Nb6 22. Nc5 e5 23. Re1 Na5 24. Qb5 Rxc5 25. Qxc5 Nb3 26. Qe7 Rd7 27.
Qb4 Nxa1 28. Rxa1 Nd5 29. Qb5 Nf6 30. Re1 Re7 31. Qc5 Re6 32. g4 h6 33. h4 b6
34. Qc3 Qd6 35. g5 hxg5 36. hxg5 Nh5 37. Bg4 Re8 38. Bxh5 gxh5 39. f4 Qc5+ 40.
Qxc5 bxc5 41. Rc1 exf4 42. Rxc5 Re2 43. b4 Kg6 44. Ra5 h4 45. Rxa7 h3 46. Ra8
h2+ 47. Kh1 f3 48. Rg8+ Kh7 49. Rf8 Kg7 0-1

[Event "Villa Martelli Pro Am op 17th"]
[Site "Villa Martelli"]
[Date "2010.10.20"]
[Round "7"]
[White "Pierrot, Juan Facundo"]
[Black "Delgado Ramirez, Neuris"]
[Result "1/2-1/2"]
[WhiteElo "2431"]
[BlackElo "2606"]
[PlyCount "105"]
[EventDate "2010.10.10"]
[EventType "swiss"]
[EventRounds "9"]
[EventCountry "ARG"]
[SourceTitle "CBM 138 Extra"]
[Source "ChessBase"]
[SourceDate "2010.10.29"]
[SourceVersion "1"]
[SourceVersionDate "2010.10.29"]
[SourceQuality "1"]

1. d4 Nf6 2. c4 e6 3. Nc3 Bb4 4. Qc2 Nc6 5. Nf3 O-O 6. Bd2 d5 7. e3 Bd6 8. a3
a6 9. c5 Be7 10. Be2 Re8 11. b4 Bf8 12. O-O e5 13. dxe5 Nxe5 14. Rfd1 c6 15.
Na4 Bg4 16. Nd4 Bxe2 17. Nxe2 Ne4 18. Be1 Qg5 19. Nd4 Ng6 20. Nf3 Qh5 21. Nc3
f5 22. Ne2 Be7 23. Ng3 Nxg3 24. hxg3 Bf6 25. Bc3 Bxc3 26. Qxc3 Re4 27. a4 Rae8
28. b5 Rc4 29. Qb3 Nf8 30. bxc6 bxc6 31. Nd4 Nd7 32. Nxc6 Nxc5 33. Qa2 Qf7 34.
Rac1 Ne4 35. Rxc4 dxc4 36. Rc1 Nd6 37. Qd2 Qe6 38. Qa5 h6 39. Qxa6 Qd5 40. Nd4
Ra8 41. Qb6 Kh7 42. Ra1 c3 43. a5 Ne4 44. a6 c2 45. Qb2 Rc8 46. a7 Rc7 47. Rc1
Rxa7 48. Rxc2 Qa5 49. Rc1 Qa2 50. Qxa2 Rxa2 51. Rc2 Rxc2 52. Nxc2 g5 53. Nd4
1/2-1/2

[Event "Villa Martelli Pro Am op 17th"]
[Site "Villa Martelli"]
[Date "2010.10.21"]
[Round "8"]
[White "Delgado Ramirez, Neuris"]
[Black "Tristan, Leonardo"]
[Result "1/2-1/2"]
[WhiteElo "2606"]
[BlackElo "2401"]
[PlyCount "129"]
[EventDate "2010.10.10"]
[EventType "swiss"]
[EventRounds "9"]
[EventCountry "ARG"]
[SourceTitle "CBM 138 Extra"]
[Source "ChessBase"]
[SourceDate "2010.10.29"]
[SourceVersion "1"]
[SourceVersionDate "2010.10.29"]
[SourceQuality "1"]

1. e4 c5 2. Nf3 Nc6 3. Bb5 g6 4. Bxc6 dxc6 5. h3 Bg7 6. d3 Nf6 7. Nbd2 O-O 8.
Nc4 b6 9. Bd2 Ba6 10. Qe2 Ne8 11. O-O-O Nd6 12. Nce5 Qc8 13. Kb1 Qe6 14. Ng4 c4
15. Bh6 Bxh6 16. Nxh6+ Kg7 17. Qe3 cxd3 18. cxd3 c5 19. Ng4 f6 20. Rhe1 Nb5 21.
e5 f5 22. Qh6+ Kh8 23. Ne3 Bb7 24. Qxh7+ Kxh7 25. Ng5+ Kh6 26. Nxe6 Rf7 27. f4
Nd4 28. Ng5 Rff8 29. Rd2 Rad8 30. Rf2 Bc8 31. g4 Ne6 32. gxf5 gxf5 33. Rg1 Rxd3
34. Nxe6 Bxe6 35. Rfg2 Rxe3 36. Rg6+ Kh7 37. Rxe6 Rf7 38. Reg6 Re1+ 39. Rxe1
Kxg6 40. Rg1+ Kh5 41. Kc2 Kh4 42. Kd3 Kxh3 43. Ke3 Kh4 44. Rg5 e6 45. Kf3 Rd7
46. Rg6 Rd3+ 47. Ke2 Rh3 48. b3 Kh5 49. Rxe6 Kg4 50. Re7 Kxf4 51. e6 Re3+ 52.
Kd2 Re5 53. Re8 Ke4 54. e7 f4 55. Ke2 Kd5+ 56. Kf3 Kd6 57. Kxf4 Re2 58. a4 Rxe7
59. Rxe7 Kxe7 60. Ke5 Kd7 61. Kd5 Kc7 62. a5 Kb7 63. axb6 axb6 64. b4 cxb4 65.
Kc4 1/2-1/2

[Event "Villa Martelli Pro Am op 17th"]
[Site "Villa Martelli"]
[Date "2010.10.22"]
[Round "9"]
[White "Barrionuevo, Pablo"]
[Black "Delgado Ramirez, Neuris"]
[Result "0-1"]
[WhiteElo "2365"]
[BlackElo "2606"]
[PlyCount "80"]
[EventDate "2010.10.10"]
[EventType "swiss"]
[EventRounds "9"]
[EventCountry "ARG"]
[SourceTitle "CBM 138 Extra"]
[Source "ChessBase"]
[SourceDate "2010.10.29"]
[SourceVersion "1"]
[SourceVersionDate "2010.10.29"]
[SourceQuality "1"]

1. d4 d5 2. c4 e5 3. dxe5 d4 4. Nf3 Nc6 5. a3 Nge7 6. b4 Ng6 7. Bb2 a5 8. b5
Ncxe5 9. Nxe5 Nxe5 10. e3 Be6 11. Bxd4 Nxc4 12. Qc2 Nd6 13. Nd2 Qd7 14. a4 Nf5
15. Bc5 Bxc5 16. Qxc5 Rd8 17. Nf3 Nh4 18. Nd4 Bd5 19. f3 b6 20. Qa3 Nf5 21.
Nxf5 Qxf5 22. Be2 Bb7 23. Rc1 Rd7 24. O-O Kd8 25. Rc4 Qe5 26. Rfc1 Re8 27. R4c3
g5 28. Qb2 f5 29. Qc2 Kc8 30. Rd1 Rxd1+ 31. Bxd1 f4 32. e4 g4 33. Be2 gxf3 34.
Bxf3 Kb8 35. Rc4 Bd5 36. Rc3 Bxe4 37. Qd2 Bxf3 38. Rxf3 Qa1+ 39. Rf1 Qxa4 40.
Qd7 Qe4 0-1

[Event "Bogota McGregor op 1st"]
[Site "Bogota"]
[Date "2010.12.03"]
[Round "1"]
[White "Delgado Ramirez, Neuris"]
[Black "Sanint, Jorge Hernan"]
[Result "1-0"]
[WhiteElo "2619"]
[BlackElo "1784"]
[PlyCount "39"]
[EventDate "2010.12.03"]
[EventType "swiss"]
[EventRounds "10"]
[EventCountry "COL"]
[SourceTitle "CBM 139 Extra"]
[Source "ChessBase"]
[SourceDate "2011.01.05"]
[SourceVersion "1"]
[SourceVersionDate "2011.01.05"]
[SourceQuality "1"]

1. e4 e5 2. Nf3 Nc6 3. Bb5 d6 4. d4 Bd7 5. Nc3 exd4 6. Nxd4 Nf6 7. O-O h6 8.
Nd5 Be7 9. Re1 O-O 10. Nxe7+ Nxe7 11. Bd3 c6 12. Bf4 d5 13. e5 Ne8 14. b4 Nc7
15. Qh5 Ne6 16. Bxh6 g6 17. Qh4 Ng7 18. Bg5 Re8 19. Qh6 Ngf5 20. Bxf5 1-0

[Event "Bogota McGregor op 1st"]
[Site "Bogota"]
[Date "2010.12.04"]
[Round "3"]
[White "Delgado Ramirez, Neuris"]
[Black "Arango, Andres Mauricio"]
[Result "1-0"]
[WhiteElo "2619"]
[BlackElo "2148"]
[PlyCount "59"]
[EventDate "2010.12.03"]
[EventType "swiss"]
[EventRounds "10"]
[EventCountry "COL"]
[SourceTitle "CBM 139 Extra"]
[Source "ChessBase"]
[SourceDate "2011.01.05"]
[SourceVersion "1"]
[SourceVersionDate "2011.01.05"]
[SourceQuality "1"]

1. e4 c5 2. Nf3 Nc6 3. Bb5 d6 4. O-O Bd7 5. c3 a6 6. Ba4 b5 7. Bc2 Bg4 8. d3
Ne5 9. Nbd2 Nf6 10. h3 Bh5 11. g4 Bg6 12. Ne1 h6 13. f4 Ned7 14. f5 Bh7 15. Ng2
e6 16. a4 exf5 17. exf5 Be7 18. axb5 axb5 19. Rxa8 Qxa8 20. Re1 Kd8 21. Bb3 d5
22. Nf3 Re8 23. Bf4 Bf8 24. Ne3 g6 25. d4 gxf5 26. gxf5 c4 27. Bc2 b4 28. Ne5
b3 29. Bb1 Bg8 30. Qf3 1-0

[Event "Bogota McGregor op 1st"]
[Site "Bogota"]
[Date "2010.12.05"]
[Round "5"]
[White "Delgado Ramirez, Neuris"]
[Black "Rios, Cristian Camilo"]
[Result "1/2-1/2"]
[WhiteElo "2619"]
[BlackElo "2405"]
[PlyCount "112"]
[EventDate "2010.12.03"]
[EventType "swiss"]
[EventRounds "10"]
[EventCountry "COL"]
[SourceTitle "CBM 139 Extra"]
[Source "ChessBase"]
[SourceDate "2011.01.05"]
[SourceVersion "1"]
[SourceVersionDate "2011.01.05"]
[SourceQuality "1"]

1. e4 c5 2. Nf3 e6 3. d4 cxd4 4. Nxd4 Nf6 5. Bd3 Nc6 6. Nb3 Be7 7. f4 d6 8. Nc3
a6 9. Qf3 Qc7 10. O-O O-O 11. Bd2 b5 12. Rae1 b4 13. Nd1 a5 14. Ne3 Ba6 15. Qg3
d5 16. exd5 Bxd3 17. cxd3 Nxd5 18. Nxd5 exd5 19. Be3 Bf6 20. Qf2 a4 21. Nd4
Nxd4 22. Bxd4 Bxd4 23. Qxd4 Qa7 24. Qxa7 Rxa7 25. Rc1 Re7 26. Rf2 Rb8 27. Rfc2
Kf8 28. Kf2 b3 29. Rc8+ Re8 30. Rxb8 Rxb8 31. a3 Ke7 32. Rc7+ Kd6 33. Rxf7 Rc8
34. Rxg7 Rc2+ 35. Kg3 Rxb2 36. Ra7 Rd2 37. Rxa4 Rxd3+ 38. Kf2 b2 39. Rb4 Rd4
40. Rxb2 Rxf4+ 41. Ke1 Ra4 42. Rb6+ Kc5 43. Rh6 Ra7 44. a4 Kc4 45. a5 d4 46. a6
Kd3 47. Kd1 Ke3 48. Rf6 d3 49. g4 Rg7 50. Re6+ Kd4 51. h3 Rg5 52. a7 Ra5 53.
Re7 Ra1+ 54. Kd2 Ra2+ 55. Kc1 d2+ 56. Kd1 Kd3 1/2-1/2

[Event "Bogota McGregor op 1st"]
[Site "Bogota"]
[Date "2010.12.08"]
[Round "7"]
[White "Kovalyov, Anton"]
[Black "Delgado Ramirez, Neuris"]
[Result "1/2-1/2"]
[WhiteElo "2623"]
[BlackElo "2619"]
[PlyCount "140"]
[EventDate "2010.12.03"]
[EventType "swiss"]
[EventRounds "10"]
[EventCountry "COL"]
[SourceTitle "CBM 139 Extra"]
[Source "ChessBase"]
[SourceDate "2011.01.05"]
[SourceVersion "1"]
[SourceVersionDate "2011.01.05"]
[SourceQuality "1"]

1. c4 e6 2. Nf3 Nf6 3. g3 d5 4. Bg2 dxc4 5. Qa4+ c6 6. Qxc4 b5 7. Qc2 Bb7 8. a4
Nbd7 9. Nc3 a6 10. O-O Be7 11. d3 O-O 12. e4 Re8 13. h3 Qb6 14. Be3 c5 15. Rac1
Rac8 16. Qb1 Bc6 17. axb5 axb5 18. b4 Qb7 19. bxc5 Bxc5 20. Bxc5 Nxc5 21. Ne5
Ncd7 22. Nxc6 Rxc6 23. Qxb5 Qc7 24. Ne2 Rxc1 25. Rxc1 Qd6 26. d4 Rb8 27. Qa5
Qb6 28. Qd2 e5 29. d5 Ne8 30. Rc6 Qb1+ 31. Rc1 Qb2 32. Rc2 Qb4 33. Qxb4 Rxb4
34. Nc1 Kf8 35. f3 Nd6 36. Nd3 Rd4 37. Nf2 Rc4 38. Rxc4 Nxc4 39. Nd3 Ke7 40.
Kf2 g5 41. Bf1 Nd6 42. Nb4 f6 43. Nc6+ Ke8 44. Ke3 Nf8 45. Kd3 h5 46. Kc3 h4
47. gxh4 gxh4 48. Kb4 Kd7 49. Kc5 Nh7 50. Nb8+ Kc7 51. Na6+ Kd7 52. Kb4 Ng5 53.
Nc5+ Kc7 54. Be2 Kd8 55. Kc3 Ke7 56. Kd3 f5 57. exf5 Nxf5 58. Ne4 Nf7 59. Nf2
Kd6 60. Ng4 Kxd5 61. f4 Ke6 62. fxe5 Nxe5+ 63. Ke4 Nxg4 64. hxg4 Nh6 65. g5 Nf7
66. Bg4+ Ke7 67. g6 Ng5+ 68. Kf5 Nh3 69. g7 Kf7 70. g8=B+ Kxg8 1/2-1/2

[Event "Bogota McGregor op 1st"]
[Site "Bogota"]
[Date "2010.12.07"]
[Round "8"]
[White "Delgado Ramirez, Neuris"]
[Black "Zapata, Alonso"]
[Result "0-1"]
[WhiteElo "2619"]
[BlackElo "2482"]
[PlyCount "40"]
[EventDate "2010.12.03"]
[EventType "swiss"]
[EventRounds "10"]
[EventCountry "COL"]
[SourceTitle "CBM 139 Extra"]
[Source "ChessBase"]
[SourceDate "2011.01.05"]
[SourceVersion "1"]
[SourceVersionDate "2011.01.05"]
[SourceQuality "1"]

1. e4 c5 2. Nf3 e6 3. d4 cxd4 4. Nxd4 Nc6 5. Nc3 Qc7 6. f4 a6 7. Nb3 b5 8. Bd3
d6 9. Qf3 Nf6 10. Bd2 Be7 11. O-O O-O 12. Rae1 b4 13. Nd1 a5 14. e5 Nd7 15. Be4
Bb7 16. Bxh7+ Kxh7 17. Qh5+ Kg8 18. Rf3 f5 19. Rg3 dxe5 20. fxe5 Ndxe5 0-1

[Event "Buenos Aires Duchamp Memorial 2nd"]
[Site "Buenos Aires"]
[Date "2010.12.11"]
[Round "1"]
[White "Delgado Ramirez, Neuris"]
[Black "Mareco, Sandro"]
[Result "0-1"]
[WhiteElo "2619"]
[BlackElo "2603"]
[PlyCount "80"]
[EventDate "2010.12.11"]
[EventType "tourn"]
[EventRounds "9"]
[EventCountry "ARG"]
[EventCategory "12"]
[SourceTitle "CBM 139 Extra"]
[Source "ChessBase"]
[SourceDate "2011.01.05"]
[SourceVersion "1"]
[SourceVersionDate "2011.01.05"]
[SourceQuality "1"]

1. e4 c5 2. Nf3 d6 3. Bb5+ Nd7 4. O-O Ngf6 5. Re1 a6 6. Bf1 b6 7. c4 Bb7 8. Nc3
e6 9. d4 cxd4 10. Qxd4 Be7 11. b3 O-O 12. Bb2 Qc7 13. Rad1 Rfd8 14. h3 Rac8 15.
Qe3 Bf8 16. Nd4 Nc5 17. f3 h6 18. Kh1 Re8 19. Nc2 Ncd7 20. f4 Rcd8 21. e5 dxe5
22. fxe5 Nh7 23. Rd2 Nc5 24. Rf2 Be7 25. b4 Nd7 26. Qf4 Ng5 27. Qe3 Nf8 28. Bd3
Ng6 29. a3 Qxe5 30. Bxg6 Qxe3 31. Bxf7+ Nxf7 32. Rxe3 Bg5 33. Ree2 Nd6 34. Nd4
e5 35. Nf3 Bf4 36. Nd5 Nxc4 37. Nxf4 exf4 38. Rxe8+ Rxe8 39. Bd4 Rd8 40. Bc3
Rd3 0-1

[Event "Buenos Aires Duchamp Memorial 2nd"]
[Site "Buenos Aires"]
[Date "2010.12.12"]
[Round "2"]
[White "Saldano Dayer, Horacio"]
[Black "Delgado Ramirez, Neuris"]
[Result "0-1"]
[WhiteElo "2405"]
[BlackElo "2619"]
[PlyCount "66"]
[EventDate "2010.12.11"]
[EventType "tourn"]
[EventRounds "9"]
[EventCountry "ARG"]
[EventCategory "12"]
[SourceTitle "CBM 139 Extra"]
[Source "ChessBase"]
[SourceDate "2011.01.05"]
[SourceVersion "1"]
[SourceVersionDate "2011.01.05"]
[SourceQuality "1"]

1. d4 Nf6 2. Nf3 e6 3. c4 Bb4+ 4. Bd2 a5 5. g3 d5 6. Bg2 dxc4 7. Qc2 b5 8. a4
c6 9. O-O Bb7 10. Nc3 Qb6 11. e4 Be7 12. Rfe1 Na6 13. Na2 Nb4 14. Nxb4 axb4 15.
axb5 Rxa1 16. Rxa1 cxb5 17. Re1 h6 18. h3 O-O 19. g4 b3 20. Qb1 Nh7 21. Qc1 Rc8
22. h4 b4 23. g5 hxg5 24. hxg5 Nf8 25. Qd1 Ng6 26. Bc1 Qc7 27. Bf1 Bd6 28. Nd2
Bh2+ 29. Kh1 c3 30. bxc3 b2 31. Bxb2 bxc3 32. Bxc3 Qxc3 33. Kxh2 Qxd4 0-1

[Event "Buenos Aires Duchamp Memorial 2nd"]
[Site "Buenos Aires"]
[Date "2010.12.14"]
[Round "4"]
[White "Delgado Ramirez, Neuris"]
[Black "Ricardi, Pablo"]
[Result "1/2-1/2"]
[WhiteElo "2619"]
[BlackElo "2517"]
[PlyCount "37"]
[EventDate "2010.12.11"]
[EventType "tourn"]
[EventRounds "9"]
[EventCountry "ARG"]
[EventCategory "12"]
[SourceTitle "CBM 139 Extra"]
[Source "ChessBase"]
[SourceDate "2011.01.05"]
[SourceVersion "1"]
[SourceVersionDate "2011.01.05"]
[SourceQuality "1"]

1. e4 c6 2. Nf3 d5 3. exd5 cxd5 4. Ne5 Nf6 5. d4 g6 6. Bd3 Bg7 7. c3 O-O 8. Nd2
Nc6 9. Nxc6 bxc6 10. O-O Nd7 11. Nb3 Qc7 12. Be3 a5 13. a4 Ba6 14. Bxa6 Rxa6
15. Nc1 Raa8 16. Nd3 Rfe8 17. Re1 e6 18. h4 Bf8 19. h5 1/2-1/2

[Event "Buenos Aires Duchamp Memorial 2nd"]
[Site "Buenos Aires"]
[Date "2010.12.15"]
[Round "5"]
[White "Perez Ponsa, Federico"]
[Black "Delgado Ramirez, Neuris"]
[Result "0-1"]
[WhiteElo "2469"]
[BlackElo "2619"]
[PlyCount "62"]
[EventDate "2010.12.11"]
[EventType "tourn"]
[EventRounds "9"]
[EventCountry "ARG"]
[EventCategory "12"]
[SourceTitle "CBM 139 Extra"]
[Source "ChessBase"]
[SourceDate "2011.01.05"]
[SourceVersion "1"]
[SourceVersionDate "2011.01.05"]
[SourceQuality "1"]

1. e4 c5 2. Nf3 d6 3. d4 cxd4 4. Nxd4 Nf6 5. Nc3 a6 6. Be3 e5 7. Nf3 Qc7 8. a4
h6 9. a5 Be6 10. Nd5 Nxd5 11. exd5 Bf5 12. c4 Nd7 13. Be2 Be7 14. O-O Bh7 15.
b4 f5 16. c5 f4 17. cxd6 Bxd6 18. Rc1 Qb8 19. Bc5 O-O 20. Nd2 e4 21. Nc4 Bxc5
22. bxc5 f3 23. gxf3 Qf4 24. c6 Nc5 25. Qd2 Qf6 26. Qc3 Qh4 27. f4 Nd3 28. Ne3
Nxf4 29. Bg4 bxc6 30. dxc6 h5 31. Bd7 Ne2+ 0-1

[Event "Buenos Aires Duchamp Memorial 2nd"]
[Site "Buenos Aires"]
[Date "2010.12.16"]
[Round "6"]
[White "Delgado Ramirez, Neuris"]
[Black "Pierrot, Juan Facundo"]
[Result "1/2-1/2"]
[WhiteElo "2619"]
[BlackElo "2439"]
[PlyCount "62"]
[EventDate "2010.12.11"]
[EventType "tourn"]
[EventRounds "9"]
[EventCountry "ARG"]
[EventCategory "12"]
[SourceTitle "CBM 139 Extra"]
[Source "ChessBase"]
[SourceDate "2011.01.05"]
[SourceVersion "1"]
[SourceVersionDate "2011.01.05"]
[SourceQuality "1"]

1. e4 e5 2. Nf3 Nf6 3. Nxe5 d6 4. Nf3 Nxe4 5. Nc3 Nxc3 6. dxc3 Nc6 7. Be3 Be7
8. Qd2 Be6 9. O-O-O Qd7 10. Kb1 a6 11. h4 h6 12. Be2 O-O-O 13. h5 Bf6 14. Nd4
Nxd4 15. Bxd4 Qe7 16. Rhe1 Kb8 17. f4 c5 18. Bxf6 Qxf6 19. g4 g6 20. Rh1 d5 21.
Qe3 d4 22. Qg3 Bxa2+ 23. Kxa2 Qe6+ 24. Kb1 Qxe2 25. hxg6 fxg6 26. cxd4 cxd4 27.
f5+ Ka8 28. fxg6 Qe6 29. Qd3 Rdg8 30. Qxd4 Qxg6 31. Rhf1 h5 1/2-1/2

[Event "Buenos Aires Duchamp Memorial 2nd"]
[Site "Buenos Aires"]
[Date "2010.12.17"]
[Round "7"]
[White "Rodriguez Vila, Andres"]
[Black "Delgado Ramirez, Neuris"]
[Result "0-1"]
[WhiteElo "2556"]
[BlackElo "2619"]
[PlyCount "72"]
[EventDate "2010.12.11"]
[EventType "tourn"]
[EventRounds "9"]
[EventCountry "ARG"]
[EventCategory "12"]
[SourceTitle "CBM 139 Extra"]
[Source "ChessBase"]
[SourceDate "2011.01.05"]
[SourceVersion "1"]
[SourceVersionDate "2011.01.05"]
[SourceQuality "1"]

1. d4 d5 2. c4 e6 3. Nc3 Be7 4. cxd5 exd5 5. Bf4 Bd6 6. e3 c6 7. Bxd6 Qxd6 8.
Bd3 Ne7 9. Qc2 g6 10. Nf3 Bf5 11. Bxf5 Nxf5 12. g4 Ng7 13. O-O-O Nd7 14. Kb1
O-O-O 15. Rd3 Qe6 16. Ng5 Qe7 17. Nb5 Kb8 18. Nxa7 Kxa7 19. Qa4+ Kb8 20. Rb3
Rc8 21. Rc1 Ne6 22. Nf3 Nc7 23. Rxc6 Qe4+ 24. Ka1 Qxf3 25. a3 Qe2 26. Rcc3 Rhd8
27. Qb4 Qa6 28. Qe7 Qe6 29. Qb4 b6 30. Qa4 Na8 31. f3 Kb7 32. h3 Rxc3 33. Rxc3
Nc7 34. Qc2 Nb5 35. Rb3 Rc8 36. Qd3 Nd6 0-1

[Event "Buenos Aires Duchamp Memorial 2nd"]
[Site "Buenos Aires"]
[Date "2010.12.18"]
[Round "8"]
[White "Delgado Ramirez, Neuris"]
[Black "Dos Santos, Ramiro"]
[Result "1-0"]
[WhiteElo "2619"]
[BlackElo "2450"]
[PlyCount "105"]
[EventDate "2010.12.11"]
[EventType "tourn"]
[EventRounds "9"]
[EventCountry "ARG"]
[EventCategory "12"]
[SourceTitle "CBM 139 Extra"]
[Source "ChessBase"]
[SourceDate "2011.01.05"]
[SourceVersion "1"]
[SourceVersionDate "2011.01.05"]
[SourceQuality "1"]

1. e4 e5 2. Nf3 Nc6 3. Bb5 f5 4. d3 fxe4 5. dxe4 Nf6 6. Qd3 Bc5 7. a3 d6 8. Bc4
Qe7 9. Nc3 Nd4 10. Be3 Nxf3+ 11. gxf3 Bb6 12. Rg1 Bd7 13. Bg5 c6 14. a4 h6 15.
Be3 Bxe3 16. fxe3 O-O-O 17. O-O-O Ne8 18. f4 Be6 19. Bxe6+ Qxe6 20. f5 Qf7 21.
a5 a6 22. Na4 Qa2 23. b3 Kb8 24. Kd2 Qa3 25. Qc4 Nf6 26. Ke2 Rhg8 27. Rd2 d5
28. Qc5 Qxc5 29. Nxc5 Kc8 30. exd5 cxd5 31. c4 dxc4 32. Rxd8+ Kxd8 33. bxc4 Kc7
34. Rb1 Kc6 35. Ne6 Nd7 36. c5 e4 37. Rd1 Ne5 38. Rd6+ Kb5 39. Rb6+ Kxa5 40.
Rxb7 g6 41. f6 Re8 42. Re7 Rc8 43. f7 Nxf7 44. Rxf7 Kb5 45. Rb7+ Kc4 46. Rb6 a5
47. c6 a4 48. c7 a3 49. Rb8 a2 50. Rxc8 a1=Q 51. Rd8 Qa2+ 52. Rd2 Qa6 53. c8=Q+
1-0

[Event "Buenos Aires Duchamp Memorial 2nd"]
[Site "Buenos Aires"]
[Date "2010.12.19"]
[Round "9"]
[White "Milos, Gilberto"]
[Black "Delgado Ramirez, Neuris"]
[Result "1/2-1/2"]
[WhiteElo "2596"]
[BlackElo "2619"]
[PlyCount "31"]
[EventDate "2010.12.11"]
[EventType "tourn"]
[EventRounds "9"]
[EventCountry "ARG"]
[EventCategory "12"]
[SourceTitle "CBM 139 Extra"]
[Source "ChessBase"]
[SourceDate "2011.01.05"]
[SourceVersion "1"]
[SourceVersionDate "2011.01.05"]
[SourceQuality "1"]

1. e4 c5 2. Nf3 d6 3. d4 cxd4 4. Nxd4 Nf6 5. Nc3 Nc6 6. Be2 e5 7. Nb3 Be7 8.
Bg5 O-O 9. Bxf6 Bxf6 10. Nd5 Bg5 11. O-O Be6 12. c3 Rc8 13. Bg4 Ne7 14. Nxe7+
Bxe7 15. Bxe6 fxe6 16. Qe2 1/2-1/2

[Event "Asuncion La Pergola Jardin"]
[Site "Asuncion"]
[Date "2011.01.17"]
[Round "1"]
[White "Delgado Ramirez, Neuris"]
[Black "Latorre Lopez Moreira, Luis Matias"]
[Result "1/2-1/2"]
[WhiteElo "2609"]
[BlackElo "2093"]
[PlyCount "82"]
[EventDate "2011.01.17"]
[EventType "tourn"]
[EventRounds "9"]
[EventCountry "URU"]
[EventCategory "1"]
[SourceTitle "CBM 140 Extra"]
[Source "ChessBase"]
[SourceDate "2011.03.01"]
[SourceVersion "1"]
[SourceVersionDate "2011.03.01"]
[SourceQuality "1"]

1. e4 e5 2. Nf3 Nc6 3. Bb5 f5 4. d3 fxe4 5. dxe4 Nf6 6. Qd3 Bc5 7. a3 d6 8. Bc4
Qe7 9. Nc3 Be6 10. Bxe6 Qxe6 11. Nd5 Bb6 12. Be3 Qd7 13. b4 Ne7 14. Nxf6+ gxf6
15. O-O Bxe3 16. Qxe3 O-O 17. Rad1 Ng6 18. c4 Qg4 19. c5 Nf4 20. g3 dxc5 21.
bxc5 Rad8 22. Kh1 Ne6 23. Rd5 c6 24. Rxd8 Rxd8 25. Nh4 Rd1 26. Rxd1 Qxd1+ 27.
Kg2 Qd4 28. Qe2 Nxc5 29. Qg4+ Kf8 30. f3 Qd2+ 31. Kh3 Qd7 32. Nf5 Ne6 33. Qh4
Qf7 34. Qh6+ Kg8 35. Qd2 Qc7 36. Kg2 Qd8 37. Qb4 Qd7 38. Nh6+ Kg7 39. Nf5+ Kg8
40. Nh6+ Kg7 41. Nf5+ Kg8 1/2-1/2